000 00806cam a22002651 4500
999 _c19903
_d19903
001 5934073
003 OSt
005 20200610145456.0
008 780220s1928 enk 000 0 eng
010 _a 29009128
035 _a(OCoLC)3653909
040 _aDLC
_coclc
_dDLC
042 _apremarc
050 0 0 _aB132.V3
_bU7
082 _a294.5
_bURQ/V
100 _aUrquhart, W S
_q(William Spence),
_d1877-1964.
_92753
245 0 8 _aThe Vedānta and Modern thought /
_cW S Urquhart
260 _aDelhi:
_bGian Publishing,
_c1928.
300 _a 256 p.
_c22 cm.
490 0 _aThe religious quest of India.
650 0 _aPhilosophy, Modern.
740 0 _aModern thought.
906 _a7
_bcbc
_coclcrpl
_du
_encip
_f19
_gy-gencatlg
942 _2ddc
_cBK
_h294.5
_iURQ/V
_k294.5
_mURQ/V